01019 a2200193 45000010006000000050017000060080041000230030015000640400040000790800105001192450056002240200018002802640033002983000018003315050346003490410008006951000023007038560099007264597620260407155733.0260407a1997 arg spa dAR-UNSa-BCEJYS aAR-UNSa-BCEJYSbspacAR-UNSa-BCEJYS a304.4xAspectos generales de las políticas y prácticas sociales y culturales (política social)10aMujeres jefas de hogarpfamilia, pobreza y género a987-95490-8-2 1aBuenos Aires :bUNICEFc1997 a84 p.c22 cm. a1. Jefas, proveedoras económicas y pobreza: ni están todas las que son, ni son todas las que están – 2. Especificidad de la pobreza en los hogares con jefa mujer – 3. Jefatura femenina y pobreza en el AMBA – 4. ¿Existe una política social para las jefas pobres? – 5. Resumen, conclusiones y sugerencias para la acción –  aspa1 aGeldstein, Rosa N.41uhttps://www.biblioeco.unsa.edu.ar/pmb/images/libros/L127263.jpgyImagen de portadaqimage/jpeg